Determination of products of chemical reaction between alkali metals and alkaline earth metals tetrafluorobromates and metallic iridium; Перспективы развития фундаментальных наук

Opis bibliograficzny
Parent link:Перспективы развития фундаментальных наук.— 2014.— [С. 461-463]
1. autor: Rybakov A. V. Andrey Vladimirovich
Korporacja: Национальный исследовательский Томский политехнический университет (ТПУ) Институт природных ресурсов (ИПР) Кафедра физической и аналитической химии (ФАХ)
Kolejni autorzy: Ivlev S. I. Sergey Ivanovich (научный руководитель)
Streszczenie:Заглавие с экрана
В данном исследовании была показана принципиальная возможность проведения первого этапа выделения благородных металлов из городских отходов, а именно, их гомогенизации и перевода в растворимые формы на примере металлического иридия с использованием тетрафтороброматов щелочных и щелочноземельных металлов. Определён состав получаемых продуктов, предложена схема протекания реакций и уточнены условия начала реагирования. Предложенный метод может лечь в основу способа перевода благородных металлов в растворимые формы и последующего выделения из вторичного сырья.
Język:angielski
Wydane: 2014
Seria:Химия
Hasła przedmiotowe:
Dostęp online:http://www.lib.tpu.ru/fulltext/c/2014/C21/153.pdf
Format: Elektroniczne Rozdział
KOHA link:https://koha.lib.tpu.ru/cgi-bin/koha/opac-detail.pl?biblionumber=606926

MARC

LEADER 00000naa2a2200000 4500
001 606926
005 20260306135951.0
035 |a (RuTPU)RU\TPU\conf\4305 
035 |a RU\TPU\conf\4304 
090 |a 606926 
100 |a 20140620d2014 k y0rusy50 ca 
101 0 |a eng 
102 |a RU 
135 |a drcn ---uucaa 
181 0 |a i  
182 0 |a b 
200 1 |a Determination of products of chemical reaction between alkali metals and alkaline earth metals tetrafluorobromates and metallic iridium  |d Определение продуктов взаимодействия тетрафторороматов щелочных и щелочноземельных металлов с металлическим иридием  |f A. V. Rybakov  |g Sci. adv. S. I. Ivlev 
203 |a Текст  |c электронный 
215 |a 1 файл(517 Кб) 
225 1 |a Химия 
300 |a Заглавие с экрана 
320 |a [Библиогр.: с. 463 (4 назв.)] 
330 |a В данном исследовании была показана принципиальная возможность проведения первого этапа выделения благородных металлов из городских отходов, а именно, их гомогенизации и перевода в растворимые формы на примере металлического иридия с использованием тетрафтороброматов щелочных и щелочноземельных металлов. Определён состав получаемых продуктов, предложена схема протекания реакций и уточнены условия начала реагирования. Предложенный метод может лечь в основу способа перевода благородных металлов в растворимые формы и последующего выделения из вторичного сырья. 
337 |a Adobe Reader 
463 1 |0 (RuTPU)RU\TPU\conf\3586  |t Перспективы развития фундаментальных наук  |l Prospects of fundamental sciences development  |o сборник научных трудов XI Международной конференция студентов и молодых ученых, г. Томск, 22-25 апреля 2014 г.  |f Национальный исследовательский Томский политехнический университет (ТПУ) ; под ред. Е. А. Вайтулевич  |v [С. 461-463]  |d 2014 
510 1 |a Определение продуктов взаимодействия тетрафторороматов щелочных и щелочноземельных металлов с металлическим иридием  |z rus 
610 1 |a электронный ресурс 
610 1 |a труды учёных ТПУ 
610 1 |a взаимодействие 
610 1 |a тетрафторороматы 
610 1 |a щелочные металлы 
610 1 |a щелочно-земельные металлы 
610 1 |a металлический иридий 
610 1 |a благородные металлы 
700 1 |a Rybakov  |b A. V.  |c chemist-technologist  |c Technician-technologist of Tomsk Polytechnic University  |f 1991-  |g Andrey Vladimirovich  |3 (RuTPU)RU\TPU\pers\31288 
702 1 |a Ivlev  |b S. I.  |c chemist-technologist  |c Engineer-designer of Tomsk Polytechnic University, Assistant  |f 1987-  |g Sergey Ivanovich  |4 727 
712 0 2 |a Национальный исследовательский Томский политехнический университет (ТПУ)  |b Институт природных ресурсов (ИПР)  |b Кафедра физической и аналитической химии (ФАХ)  |3 (RuTPU)RU\TPU\col\18656 
801 1 |a RU  |b 63413507  |c 20101016 
801 2 |a RU  |b 63413507  |c 20160421  |g RCR 
856 4 |u http://www.lib.tpu.ru/fulltext/c/2014/C21/153.pdf 
942 |c CF